[Event "ROM-ch U12"]
[Site "Calimanesti"]
[Date "2018.03.29"]
[Round "4"]
[White "Musat, Tudor Mihai"]
[Black "Istovan, Luca"]
[Result "1-0"]
[WhiteElo "1039"]
[BlackElo "1001"]
[PlyCount "41"]
[EventDate "2018.03.27"]
[EventType "swiss"]
[EventRounds "9"]
[EventCountry "ROU"]
[SourceTitle "CBM 183 Extra"]
[Source "ChessBase"]
[SourceDate "2018.04.19"]
[SourceVersion "1"]
[SourceVersionDate "2018.04.19"]
[SourceQuality "1"]

1. e4 d5 2. d3 dxe4 3. Nc3 exd3 4. cxd3 e5 5. Nf3 Nc6 6. Be2 Bb4 7. 0-0 Nd4 8. Nxd4 Qxd4 9. Be3 Qd6 10. Nb5 Qa6 11. Nxc7+ Kd7 12. Nxa6 bxa6 13. Qa4+ Kd8 14. Qxb4 Nf6 15. Bg5 Re8 16. Bxf6+ gxf6 17. Qa5+ Ke7 18. Qb4+ Kd7 19. Bg4+ Kd8 20. Qd6+ Bd7 21. Qxd7# 1-0